| 000 | 00796nam a22002292 4500 | ||
|---|---|---|---|
| 001 | 0000008881 | ||
| 005 | 20151217160119.0 | ||
| 008 | 080613s xx 000 0 eng d | ||
| 020 |
_a0021473315 : _cKES |
||
| 040 |
_aKABU _cKABU |
||
| 245 | 1 | 0 |
_aLatin America and Canada : _badventure in time and place / _cJames A. Banks ...[et al.] |
| 260 |
_aNew York : _bMcGraw-Hill, _c1998. |
||
| 300 | _axi, 612 p. | ||
| 650 | 0 |
_aLatin America _xJuvenile works. _@0000159649 |
|
| 651 | 0 |
_aCanada _xJuvenile works. _@0000159650 |
|
| 700 | 1 |
_aBanks, James A. _@0000056113 |
|
| 908 | _a080613 | ||
| 950 | _@1 | ||
| 999 |
_c14455 _d14455 |
||